000 00401pab a2200145 454500
008 180718b2006 xxu||||| |||| 00| 0 eng d
100 _aBunn, Matthew
245 _aA mathematical model of the risk of nuclear terrorism
260 _c2006
300 _ap.103-20.
362 _aSep
650 _aTerrorism
773 _aAnnals of the American Academy of Political and Social Science
909 _a71448
999 _c71448
_d71448